Developments in borate preservation technology: Opportunities for Malaysia (Record no. 47880)

MARC details
000 -LEADER
fixed length control field 00573nam a2200169Ia 4500
100 ## - MAIN ENTRY--AUTHOR NAME
Personal name Lloyd J D
245 #0 - TITLE STATEMENT
Title Developments in borate preservation technology: Opportunities for Malaysia
260 ## - PUBLICATION, DISTRIBUTION, ETC. (IMPRINT)
Name of publisher Proceedings of the Fourth Conference on Forestry Products REsearch, 2-4 October 1997, Forest Research Institute, Malaysia, pp. 372-385.
500 ## - GENERAL NOTE
General note CAB CD 2001
650 ## - SUBJECT ADDED ENTRY--TOPICAL TERM
Topical Term Chemical control
650 ## - SUBJECT ADDED ENTRY--TOPICAL TERM
Topical Term Malaysia
650 ## - SUBJECT ADDED ENTRY--TOPICAL TERM
Topical Term Stain fungi
650 ## - SUBJECT ADDED ENTRY--TOPICAL TERM
Topical Term Wood preservation
700 ## - ADDED ENTRY--PERSONAL NAME
Personal name Schoeman M W
942 ## - ADDED ENTRY ELEMENTS (KOHA)
Koha item type Bibliography RLWO
Holdings
Withdrawn status Lost status Damaged status Not for loan Home library Current library Date acquired Koha item type
      Bibliography RRII Library RRII Library 31/12/2021 Bibliography RLWO